[Event "N�-LL 2005/06"]
[Site "?"]
[Date "2005.10.16"]
[Round "3"]
[White "Braun, Karl Heinz"]
[Black "Wadsack, Winfried"]
[Result "0-1"]
[WhiteElo "2103"]
[BlackElo "2119"]
[Annotator "Amstetten : Ternitz/Gloggnitz"]
[PlyCount "94"]
[EventDate "2005.09.27"]
[SourceDate "2005.10.18"]

1. e4 d5 2. exd5 Nf6 3. Nc3 Nxd5 4. Nge2 Bg4 5. f3 Bf5 6. d3 e6 7. Nxd5 Qxd5 8.
Nc3 Qd4 9. Ne4 Nc6 10. c3 Qb6 11. Qb3 Be7 12. Bf4 e5 13. Qxb6 axb6 14. Be3 Be6
15. a3 Bb3 16. Be2 O-O-O 17. Rc1 f5 18. Nd2 Na5 19. f4 exf4 20. Bxf4 g5 21. Be5
Rhe8 22. d4 Bd6 23. Bxd6 Rxd6 24. Kf2 c5 25. Bb5 Red8 26. Nf3 g4 27. Nd2 Kb8
28. Rhe1 Bg8 29. Re5 cxd4 30. c4 Rf6 31. Rce1 Nc6 32. Re8 Rf8 33. Rxd8+ Rxd8
34. Kg3 Bf7 35. Kf4 Bg6 36. b4 Kc7 37. Bxc6 bxc6 38. Re5 Ra8 39. Nb3 d3 40. c5
bxc5 41. bxc5 Rxa3 42. Nd2 Kd7 43. Re1 Rc3 44. Ke3 Rxc5 45. Kxd3 f4+ 46. Ke2
Re5+ 47. Kf2 g3+ 0-1

[Event "N�-LL 2005/06"]
[Site "?"]
[Date "2005.10.16"]
[Round "3"]
[White "Gugler, Edgar"]
[Black "Zuser, Franz"]
[Result "1/2-1/2"]
[WhiteElo "2166"]
[BlackElo "2073"]
[Annotator "Amstetten : Ternitz/Gloggnitz"]
[PlyCount "35"]
[EventDate "2005.09.27"]
[SourceDate "2005.10.18"]

1. d4 Nf6 2. Nf3 g6 3. Bf4 Bg7 4. e3 d6 5. h3 c6 6. Nbd2 Nbd7 7. Be2 O-O 8. O-O
Re8 9. Bh2 c5 10. c3 b6 11. a4 a6 12. Qb3 Bb7 13. Bc4 d5 14. Be2 c4 15. Qc2 Qc8
16. Rfe1 Qc6 17. Ne5 Nxe5 18. Bxe5 1/2-1/2

[Event "N�-LL 2005/06"]
[Site "?"]
[Date "2005.10.16"]
[Round "3"]
[White "Lehner, Oliver"]
[Black "Trkulja, Zoran"]
[Result "1-0"]
[WhiteElo "2415"]
[BlackElo "2226"]
[Annotator "Korneuburg : St.P�lten"]
[PlyCount "63"]
[EventDate "2005.09.27"]
[SourceDate "2005.10.19"]

1. Nf3 Nf6 2. c4 e6 3. d4 Bb4+ 4. Nbd2 b6 5. g3 Bb7 6. Bg2 O-O 7. O-O Bxd2 8.
Bxd2 d6 9. Qc2 Nbd7 10. Rfd1 Qe7 11. Bc3 Be4 12. Qd2 Rad8 13. b4 h6 14. a4 Bh7
15. Qb2 Ne4 16. d5 Nxc3 17. Qxc3 e5 18. a5 f5 19. axb6 axb6 20. Ra7 Nf6 21. Qa1
g5 22. c5 bxc5 23. bxc5 Rfe8 24. Qa5 Rc8 25. cxd6 Qxd6 26. Ra6 c6 27. Nd2 Nxd5
28. Nc4 Qd8 29. Qc5 Qe7 30. Bxd5+ Kg7 31. Nd6 Red8 32. Rb6 1-0

[Event "N�-LL 2005/06"]
[Site "?"]
[Date "2005.10.16"]
[Round "3"]
[White "Hirsch, Andreas"]
[Black "Ganaus, Hannes"]
[Result "0-1"]
[WhiteElo "2003"]
[BlackElo "2368"]
[Annotator "Korneuburg : St.P�lten"]
[PlyCount "86"]
[EventDate "2005.09.27"]
[SourceDate "2005.10.19"]

1. e4 g6 2. d4 Bg7 3. Nc3 c6 4. Be2 d5 5. Be3 dxe4 6. Nxe4 Nd7 7. Nf3 Ngf6 8.
Nxf6+ Nxf6 9. Ne5 Nd5 10. Bd2 O-O 11. c4 Nf6 12. Be3 Qa5+ 13. Qd2 Qxd2+ 14.
Bxd2 Rd8 15. Be3 Be6 16. Rd1 Ne4 17. f3 Nd6 18. b3 f6 19. d5 Nf5 20. Bc5 cxd5
21. g4 Nh4 22. cxd5 Rxd5 23. Rxd5 Bxd5 24. Bf2 Ng2+ 25. Kf1 Nf4 26. Nc4 e5 27.
Ne3 Be6 28. Bg3 Rd8 29. Kf2 Bf8 30. Bxf4 exf4 31. Ng2 Bc5+ 32. Ke1 g5 33. h4
Kg7 34. Bd3 h6 35. hxg5 fxg5 36. Be4 Bb4+ 37. Ke2 Rd7 38. Rd1 Rxd1 39. Kxd1 b6
40. Ne1 Bxe1 41. Kxe1 Kf6 42. Kd2 Ke5 43. Kc3 Bxg4 0-1

[Event "N�-LL 2005/06"]
[Site "?"]
[Date "2005.10.16"]
[Round "3"]
[White "R�hrl, Karl"]
[Black "Ebner, Johann"]
[Result "1-0"]
[WhiteElo "2223"]
[BlackElo "2030"]
[Annotator "Korneuburg : St.P�lten"]
[PlyCount "67"]
[EventDate "2005.09.27"]
[SourceDate "2005.10.19"]

1. d4 Nf6 2. c4 d6 3. Nc3 g6 4. g3 Bg7 5. Bg2 O-O 6. e3 e5 7. Nge2 Nc6 8. h3
Bd7 9. O-O Na5 10. b3 Rb8 11. Ba3 Re8 12. Rc1 Qc8 13. Kh2 c5 14. Nb5 Bxb5 15.
cxb5 b6 16. b4 Nb7 17. bxc5 dxc5 18. dxc5 Nxc5 19. Bxc5 bxc5 20. Qa4 Re7 21.
Bc6 Rc7 22. Rxc5 Rb6 23. Rfc1 Qf8 24. R5c4 Qb8 25. Qa5 Bf8 26. a4 a6 27. Qc3
axb5 28. axb5 Ra7 29. Ra1 Bd6 30. Rxa7 Qxa7 31. Qc2 Nd7 32. Ra4 Qc7 33. Qa2 Nb8
34. Ra7 1-0

[Event "N�-LL 2005/06"]
[Site "?"]
[Date "2005.10.16"]
[Round "3"]
[White "Stanivukovic, Drago"]
[Black "Engelhardtt, Richard"]
[Result "1-0"]
[WhiteElo "2080"]
[BlackElo "2163"]
[Annotator "Korneuburg : St.P�lten"]
[PlyCount "71"]
[EventDate "2005.09.27"]
[SourceDate "2005.10.20"]

1. d4 Nf6 2. Bg5 Ne4 3. Bf4 c5 4. f3 Qa5+ 5. c3 Nf6 6. d5 d6 7. e4 b5 8. Nd2
Ba6 9. a4 b4 10. c4 e5 11. dxe6 fxe6 12. g4 e5 13. Be3 Nc6 14. h4 Qc7 15. h5
Qf7 16. Nh3 Bc8 17. Be2 h6 18. Qc2 Be6 19. Nf2 O-O-O 20. a5 a6 21. Rf1 Nh7 22.
Nd3 g5 23. hxg6 Qxg6 24. Qa4 Kb7 25. Nb3 Bd7 26. Bxc5 dxc5 27. Nbxc5+ Bxc5 28.
Nxc5+ Ka7 29. O-O-O Bc8 30. Rd5 Nd4 31. Bd3 Qc6 32. Qxb4 Rxd5 33. exd5 Qc7 34.
Na4 Qxa5 35. Qe7+ Bb7 36. Qxe5 1-0

[Event "N�-LL 2005/06"]
[Site "?"]
[Date "2005.10.16"]
[Round "3"]
[White "Mahdy, Khaled"]
[Black "Volkmann, Friedrich"]
[Result "1/2-1/2"]
[WhiteElo "2337"]
[BlackElo "2416"]
[Annotator "Wr.Neustadt : Waidhofen"]
[PlyCount "55"]

1. e4 e5 2. Nf3 Nf6 3. Nxe5 Nxe4 4. Qe2 Qe7 5. Qxe4 d6 6. d4 dxe5 7. dxe5 Nc6
8. Bb5 Bd7 9. Nc3 Qb4 10. Bc4 O-O-O 11. a3 Qa5 12. Bxf7 Nxe5 13. b4 Bxb4 14.
Qxb4 Qxb4 15. axb4 Nxf7 16. Rxa7 Kb8 17. Be3 b6 18. Ra1 Bf5 19. Rc1 Ne5 20. O-O
Nc6 21. Bf4 Kb7 22. Nb5 Nd4 23. Nxd4 Rxd4 24. Be5 Rxb4 25. Bxg7 Re8 26. f3 Rc4
27. Rf2 b5 28. c3 1/2-1/2

[Event "N�-LL 2005/06"]
[Site "?"]
[Date "2005.10.16"]
[Round "3"]
[White "Schroll, Gerhard"]
[Black "Svanda, Pavel"]
[Result "1/2-1/2"]
[WhiteElo "2341"]
[BlackElo "2339"]
[Annotator "Wr.Neustadt : Waidhofen"]
[PlyCount "100"]

1. c4 Nf6 2. Nc3 d5 3. cxd5 Nxd5 4. e4 $6 Nxc3 5. dxc3 Qxd1+ 6. Kxd1 e5 7. Be3
Nd7 8. Nf3 $6 f6 $6 9. Nd2 Bc5 10. Nc4 Bxe3 11. Nxe3 Nc5 12. Nd5 Bg4+ 13. f3
O-O-O 14. Kc2 Be6 15. b4 Na4 16. Bc4 Bxd5 17. Bxd5 c6 18. Bb3 Nb6 19. a4 $2 Kc7
20. a5 Nc8 21. Rad1 Rxd1 22. Rxd1 Rd8 23. Re1 b6 24. axb6+ axb6 25. Ra1 Kb8 26.
b5 $4 cxb5 27. Bd5 Ne7 28. Ra8+ Kc7 29. Ra7+ Kd6 30. Rb7 Nxd5 31. exd5 Rd7 32.
Rxb6+ Kc5 33. Rb8 Kxd5 $2 34. Rxb5+ Kc4 35. Rb4+ Kc5 36. Ra4 h5 37. Rh4 g6 38.
Ra4 Rd6 39. g3 Rb6 40. Ra8 f5 41. Ra5+ Kd6 42. c4 Rc6 43. Kc3 Ke6 44. Kb4 e4
45. fxe4 fxe4 46. Ra8 Rb6+ 47. Kc5 Rb2 48. Kd4 Rxh2 49. Kxe4 Re2+ 50. Kf4 Rf2+
1/2-1/2

[Event "N�-LL 2005/06"]
[Site "?"]
[Date "2005.10.16"]
[Round "3"]
[White "Kropik, Martin"]
[Black "Wiedner, Robert"]
[Result "1-0"]
[WhiteElo "2112"]
[BlackElo "2172"]
[Annotator "Wr.Neustadt : Waidhofen"]
[PlyCount "53"]

1. d4 Nf6 2. c4 e6 3. Nc3 Bb4 4. e3 c5 5. Bd3 Nc6 6. Nge2 d6 7. Bd2 e5 8. d5
Ne7 9. Ng3 O-O 10. O-O Bxc3 11. Bxc3 Bg4 12. f3 Bd7 13. f4 Ng4 14. fxe5 Ng6 15.
Bxg6 hxg6 16. Qf3 Qh4 17. h3 Nxe5 18. Bxe5 dxe5 19. Ne4 b6 20. b3 f5 21. Nc3 g5
22. d6 e4 23. Qd1 Kh7 24. Qd5 Qg3 25. Rae1 Rab8 26. Re2 Rf6 27. Nxe4 1-0

[Event "N�-LL 2005/06"]
[Site "?"]
[Date "2005.10.16"]
[Round "3"]
[White "Posch, Werner"]
[Black "Wagner, Stefan"]
[Result "1-0"]
[WhiteElo "2206"]
[BlackElo "1915"]
[Annotator "Wr.Neustadt : Waidhofen"]
[PlyCount "117"]

1. e4 c6 2. d3 d5 3. Nd2 g6 4. Ngf3 Bg7 5. g3 Nd7 6. Bg2 Ngf6 7. O-O O-O 8. Re1
e5 9. h3 Qc7 10. a4 b6 11. b3 Bb7 12. Bb2 Rfe8 13. a5 dxe4 14. dxe4 Rad8 15.
Qe2 c5 16. Qc4 Nb8 17. axb6 axb6 18. b4 Nfd7 19. Nb3 Rc8 20. b5 Nf8 21. Ra7
Nbd7 22. Nc1 Ra8 23. Rxa8 Bxa8 24. Nd3 Ne6 25. Kh2 Qb8 26. h4 Nd4 27. Ng5 Re7
28. c3 Ne6 29. Bc1 Nxg5 30. Bxg5 Bf6 31. Be3 Bg7 32. Ra1 Bb7 33. f3 Nf8 34. Nf2
h5 35. Bg5 Rd7 36. Bh3 Rc7 37. Rd1 Bc8 38. Bd8 Rb7 39. Bxc8 Qxc8 40. Rd6 Nd7
41. Be7 Qe8 42. Bg5 Kh7 43. g4 Bf8 44. Rd2 Qe6 45. Qxe6 fxe6 46. Ra2 Kg7 47.
Ra8 Kf7 48. Nd1 Be7 49. Ne3 Bxg5 50. hxg5 hxg4 51. Nxg4 Rc7 52. c4 Rb7 53. Kg3
Rc7 54. Rd8 Kg7 55. Nh6 Ra7 56. Rg8+ Kh7 57. Re8 Rb7 58. Re7+ Kh8 59. Ng4 1-0

[Event "N�-LL 2005/06"]
[Site "?"]
[Date "2005.10.16"]
[Round "3"]
[White "Knoll, Hermann"]
[Black "Lanc, Alois"]
[Result "1/2-1/2"]
[WhiteElo "2344"]
[BlackElo "2419"]
[Annotator "Ybbs : P�chlarn"]
[PlyCount "100"]
[EventDate "2005.09.27"]
[SourceDate "2005.10.20"]

1. d4 d5 2. Nf3 Nf6 3. c4 c6 4. Nc3 e6 5. e3 Nbd7 6. Qc2 Bd6 7. Be2 O-O 8. O-O
dxc4 9. Bxc4 a6 10. Rd1 b5 11. Bd3 Bb7 12. a4 Rc8 13. Ne4 Nxe4 14. Bxe4 f5 15.
Bd3 c5 16. Qe2 c4 17. Bc2 Nf6 18. axb5 axb5 19. Nd2 Ra8 20. Rxa8 Qxa8 21. f3
Nd5 22. e4 Nf4 23. Qe3 e5 24. Kh1 Qa7 25. exf5 exd4 26. Qf2 Qb8 27. Qxd4 Ne2
28. Qf2 Nxc1 29. Rxc1 Bxh2 30. Nf1 Be5 31. Be4 Bxe4 32. fxe4 Qd6 33. Re1 Qh6+
34. Kg1 Rd8 35. Ne3 Bd4 36. e5 Qg5 37. e6 Rf8 38. Qf3 h5 39. Qe4 Bc5 40. Kh1
Qg3 41. Re2 Bd6 42. Nf1 Qg4 43. Qxg4 hxg4 44. Rd2 Rxf5 45. Rxd6 Rxf1+ 46. Kh2
Kf8 47. Rb6 Rf5 48. Rb7 Re5 49. Kg3 Rxe6 50. Rxb5 Re4 1/2-1/2

[Event "N�-LL 2005/06"]
[Site "?"]
[Date "2005.10.16"]
[Round "3"]
[White "Kreischer, Georg"]
[Black "Weiss, Christian"]
[Result "0-1"]
[WhiteElo "2099"]
[BlackElo "2397"]
[Annotator "Ybbs : P�chlarn"]
[PlyCount "122"]
[EventDate "2005.09.27"]
[SourceDate "2005.10.20"]

1. e4 c5 2. Nf3 e6 3. Nc3 a6 4. a4 Nc6 5. Be2 Nf6 6. O-O Qc7 7. d3 Be7 8. Re1
O-O 9. Bf1 d6 10. Ne2 Bd7 11. Ng3 b5 12. b3 Rfc8 13. Bf4 e5 14. Bd2 h6 15. Qb1
bxa4 16. Rxa4 Nd4 17. Ra2 Nxf3+ 18. gxf3 Nh7 19. f4 exf4 20. Bxf4 Ng5 21. Bxg5
hxg5 22. Qd1 Bf6 23. Nf5 g6 24. Ne3 Be6 25. Nd5 Bxd5 26. exd5 Kg7 27. h3 Be5
28. Qf3 Re8 29. Re2 a5 30. Ra4 Bd4 31. Re4 Rxe4 32. dxe4 Rh8 33. Qd3 Qd8 34. c3
Be5 35. b4 axb4 36. cxb4 cxb4 37. Rxb4 Qf6 38. Rb3 Rh4 39. Bg2 g4 40. hxg4 Rxg4
41. Qe3 Rf4 42. Rd3 Qd8 43. Qe2 Qc8 44. Rd2 Rh4 45. Rd3 Qc1+ 46. Qd1 Qf4 47.
Qf3 Qh6 48. Qe3 Qh5 49. Kf1 Rf4 50. Qh3 Qg5 51. Qe3 Bf6 52. Kg1 Qe5 53. Qe2
Qa1+ 54. Qd1 Qe5 55. Qe2 Kg8 56. Rd2 Bh4 57. Qe3 Qa1+ 58. Kh2 Bg5 59. Qd4 Rh4+
60. Kg3 Qg1 61. f3 Bf4+ 0-1

[Event "N�-LL 2005/06"]
[Site "?"]
[Date "2005.10.16"]
[Round "3"]
[White "Weinzettl, Ernst"]
[Black "Posch, Roland"]
[Result "1-0"]
[WhiteElo "2325"]
[BlackElo "2066"]
[Annotator "Ybbs : P�chlarn"]
[PlyCount "71"]
[EventDate "2005.09.27"]
[SourceDate "2005.10.20"]

1. d4 Nf6 2. Nf3 e6 3. Bg5 Be7 4. Bxf6 Bxf6 5. e4 d5 6. Nc3 O-O 7. Qd2 dxe4 8.
Nxe4 Nd7 9. O-O-O b6 10. h4 Bb7 11. Bd3 Be7 12. Neg5 h6 13. Rh3 Nf6 14. Ne5 Bd6
15. f4 Qe7 16. Qe2 c5 17. dxc5 bxc5 18. c4 Rad8 19. Rf1 Qc7 20. Bb1 Be7 21.
Ngf3 Nh5 22. Qc2 f5 23. g3 Nf6 24. Qe2 Rfe8 25. Nd2 Bd6 26. Re1 Bxe5 27. fxe5
Ng4 28. h5 Rd4 29. Rh4 Red8 30. Nb3 R4d7 31. Rxg4 fxg4 32. Qxg4 Rf7 33. Qxe6
Kf8 34. Qg6 Re8 35. e6 Rf6 36. Qh7 {Rest nicht lesbar} 1-0

[Event "N�-LL 2005/06"]
[Site "?"]
[Date "2005.10.16"]
[Round "3"]
[White "Koller, Hubert"]
[Black "Steinmueller, G�nther"]
[Result "1/2-1/2"]
[WhiteElo "2078"]
[BlackElo "2047"]
[Annotator "Ybbs : P�chlarn"]
[PlyCount "76"]
[EventDate "2005.09.27"]
[SourceDate "2005.10.20"]

1. d4 Nf6 2. c4 e6 3. Nc3 c5 4. d5 exd5 5. cxd5 d6 6. g3 g6 7. Bg2 Bg7 8. Nf3
O-O 9. O-O a6 10. a4 Nbd7 11. e4 Rb8 12. Bf4 Qe7 13. Re1 Ng4 14. Nd2 Nge5 15.
Qe2 g5 16. Be3 Ng6 17. Nc4 Nde5 18. Nb6 Nd7 19. Nxc8 Rbxc8 20. f4 gxf4 21. gxf4
Qh4 22. Rf1 Rce8 23. Rf3 Nf6 24. Rh3 Qg4 25. Qf2 Nh5 26. Rf1 f5 27. e5 dxe5 28.
Bxc5 Ngxf4 29. Rh4 Qg5 30. Bxf8 Rxf8 31. Kh1 Nxg2 32. Rxh5 Qxh5 33. Qxg2 Qg6
34. Qf2 Qd6 35. Rg1 Rf7 36. Rg5 Qf6 37. Rg2 Qd6 38. Rg5 Qf6 1/2-1/2

[Event "N�-LL 2005/06"]
[Site "?"]
[Date "2005.10.16"]
[Round "3"]
[White "Schirmbeck, Hannes"]
[Black "Filip, Daniel"]
[Result "0-1"]
[WhiteElo "2147"]
[BlackElo "1917"]
[Annotator "Baden - Stockerau"]
[PlyCount "48"]
[EventDate "2005.??.??"]

1. e4 e6 2. d4 d5 3. exd5 exd5 4. Nf3 Nf6 5. c4 c6 6. Nc3 Be7 7. h3 O-O 8. b3
Bf5 9. Be2 Nbd7 10. O-O Re8 11. Bf4 Ne4 12. Nxe4 dxe4 13. Ne1 Bf6 14. Nc2 Nf8
15. Qd2 c5 16. Rad1 cxd4 17. g4 Bg6 18. g5 d3 19. gxf6 Qxf6 20. Bg5 e3 21. Qa5
exf2+ 22. Rxf2 dxe2 23. Re1 Re5 24. Bxf6 Rxa5 0-1

[Event "N�-LL 2005/06"]
[Site "?"]
[Date "2005.10.16"]
[Round "3"]
[White "Eidenberger, Otto"]
[Black "Batyte, Diava"]
[Result "0-1"]
[WhiteElo "2007"]
[BlackElo "2180"]
[Annotator "Baden : Stockerau"]
[PlyCount "70"]
[EventDate "2005.??.??"]

1. e4 b6 2. d4 Bb7 3. Nc3 e6 4. Bd3 Nf6 5. Bg5 h6 6. Bh4 Bb4 7. Qf3 g5 8. Bg3
d6 9. Nge2 Nbd7 10. a3 Bxc3+ 11. Nxc3 a6 12. b4 Qe7 13. O-O h5 14. h4 Ng4 15.
hxg5 Qxg5 16. Qf4 Qg7 17. Bh4 Rg8 18. g3 Qxd4 19. Ne2 Qg7 20. f3 Nge5 21. Kf2
Ng6 22. Qg5 Nxh4 23. Qxh4 Nf6 24. Rh1 O-O-O 25. Rag1 Kb8 26. Qf4 e5 27. Qe3 d5
28. exd5 Nxd5 29. Qc1 Nf6 30. Nc3 Rd4 31. Ne2 Rd6 32. Bf5 e4 33. f4 Re8 34. c4
e3+ 35. Kf1 Rd2 0-1

[Event "N�-LL 2005/06"]
[Site "?"]
[Date "2005.10.16"]
[Round "3"]
[White "Herndlbauer, Martin"]
[Black "Hangweyrer, Manfred"]
[Result "0-1"]
[WhiteElo "2044"]
[BlackElo "2327"]
[Annotator "Baden : Stockerau"]
[PlyCount "50"]
[EventDate "2005.??.??"]

1. e4 d5 2. exd5 Qxd5 3. Nc3 Qd6 4. d4 Nf6 5. Bd3 c6 6. Nge2 Bg4 7. f3 Bh5 8.
Bf4 Qd8 9. Ne4 Nbd7 10. Qd2 Qb6 11. O-O-O O-O-O 12. Nxf6 Nxf6 13. Ng3 Bg6 14.
Bxg6 hxg6 15. Ne4 e6 16. Ng5 Rd7 17. Qf2 Nd5 18. Bd2 Bb4 19. Bxb4 Nxb4 20. c3
Qb5 21. Qd2 Nxa2+ 22. Kc2 c5 23. Ra1 cxd4 24. Rhd1 Rhd8 25. Nxf7 dxc3 0-1

[Event "N�-LL 2005/06"]
[Site "?"]
[Date "2005.10.16"]
[Round "3"]
[White "Gr�tz, Harald"]
[Black "Sulyok, Michael"]
[Result "1-0"]
[WhiteElo "2296"]
[BlackElo "2164"]
[Annotator "Baden : Stockerau"]
[PlyCount "73"]
[EventDate "2005.??.??"]
[SourceDate "2005.10.16"]

1. e4 g6 2. d4 Bg7 3. Nf3 d6 4. Nc3 a6 5. a4 b6 6. Bc4 e6 7. Bg5 Ne7 8. Qd2 h6
9. Bf4 Bb7 10. Be2 Nd7 11. O-O g5 12. Be3 Nf6 13. Bd3 Ng4 14. Rad1 Nxe3 15.
Qxe3 Ng6 16. e5 Nf4 17. Be4 Bxe4 18. Nxe4 d5 19. Ned2 h5 20. g3 Nh3+ 21. Kg2
Bh6 22. Ng1 g4 23. f4 Nxg1 24. Rxg1 Qd7 25. Qd3 a5 26. Ra1 Bf8 27. c3 Be7 28.
Rgf1 c5 29. f5 Bg5 30. fxe6 Qxe6 31. dxc5 bxc5 32. Qb5+ Kf8 33. Nb3 c4 34. Nd4
Qxe5 35. Rae1 Be3 36. Rxe3 Qxe3 37. Qxd5 1-0

[Event "N�-LL 2005/06"]
[Site "?"]
[Date "2005.10.16"]
[Round "3"]
[White "Zojer, Stefan"]
[Black "Loidl, Florian"]
[Result "1-0"]
[WhiteElo "1984"]
[BlackElo "2132"]
[Annotator "B�hlerwerk : Bad V�slau"]
[PlyCount "79"]
[EventDate "2005.09.27"]
[SourceDate "2005.10.21"]

1. d4 Nf6 2. c4 c5 3. d5 e5 4. Nc3 d6 5. e4 g6 6. Bd3 Bg7 7. Nge2 O-O 8. Ng3
Ng4 9. f3 Nh6 10. h4 Na6 11. h5 g5 12. Be3 Nc7 13. Qd2 f6 14. Nf5 a6 15. g3 Rb8
16. Nxg7 Kxg7 17. f4 Nf7 18. h6+ Kh8 19. O-O-O gxf4 20. gxf4 b5 21. Rdg1 exf4
22. Bxf4 bxc4 23. Bxc4 Nb5 24. Rg7 Ne5 25. Qg2 Ng6 26. Nxb5 axb5 27. Bd3 c4 28.
Bc2 Rb7 29. Qg3 Nxf4 30. Qxf4 Rbf7 31. Rhg1 b4 32. Qg3 Bb7 33. Qg2 Ba8 34. e5
fxe5 35. Bxh7 c3 36. Bf5 cxb2+ 37. Kb1 Bxd5 38. Qg6 Bxa2+ 39. Kxb2 Qf6 40. Qh7#
1-0

[Event "N�-LL 2005/06"]
[Site "?"]
[Date "2005.10.16"]
[Round "3"]
[White "Strobel, Ferdinand"]
[Black "Zojer, Thomas"]
[Result "0-1"]
[WhiteElo "2004"]
[BlackElo "2044"]
[Annotator "B�hlerwerk : Bad V�slau"]
[PlyCount "78"]
[EventDate "2005.09.27"]
[SourceDate "2005.10.21"]

1. e4 c5 2. Nc3 Nc6 3. g3 e5 4. Bg2 Nf6 5. d3 d6 6. Bg5 h6 7. Bxf6 Qxf6 8. Nd5
Qd8 9. Ne2 Be7 10. O-O O-O 11. f4 exf4 12. Nexf4 Bf6 13. Nxf6+ Qxf6 14. c3 Qg5
15. Qb3 h5 16. Kh1 Ne5 17. Qd5 Qe7 18. d4 Be6 19. Nxe6 fxe6 20. Qb3 c4 21. Qd1
Ng4 22. Qe2 Qg5 23. Rae1 Rxf1+ 24. Rxf1 Ne3 25. Rf3 Nxg2 26. Kxg2 b5 27. h4 Qg6
28. Qe3 Rf8 29. Rxf8+ Kxf8 30. Qf4+ Ke7 31. Kf3 Qf6 32. e5 dxe5 33. dxe5 Qg6
34. Qd4 Qf7+ 35. Kg2 Ke8 36. Qd6 Qd7 37. Qxd7+ Kxd7 38. Kf3 Kc6 39. Ke4 Kc5 0-1

[Event "N�-LL 2005/06"]
[Site "?"]
[Date "2005.10.16"]
[Round "3"]
[White "Brehovsky, Paul"]
[Black "Nadlinger, Gregor"]
[Result "1/2-1/2"]
[WhiteElo "2025"]
[BlackElo "1926"]
[Annotator "B�hlerwerk : Bad V�slau"]
[PlyCount "56"]
[EventDate "2005.09.27"]
[SourceDate "2005.10.21"]

1. d4 c6 2. e3 g6 3. Nf3 Bg7 4. c4 d5 5. Nc3 Nf6 6. Bd3 O-O 7. O-O Nbd7 8. e4
dxe4 9. Nxe4 Nxe4 10. Bxe4 Nf6 11. Bc2 Bg4 12. Be3 Nh5 13. d5 cxd5 14. cxd5 Qa5
15. Bg5 Rfd8 16. Bb3 Nf6 17. h3 Bf5 18. Bxf6 Bxf6 19. Qe2 Qb4 20. Rfe1 a5 21.
Rad1 a4 22. Bc2 Qxb2 23. Bxf5 Qxe2 24. Rxe2 gxf5 25. Red2 Ra6 26. Rb1 Rd7 27.
Rb5 Rad6 28. Kf1 e6 1/2-1/2

[Event "N�-LL 2005/06"]
[Site "?"]
[Date "2005.10.16"]
[Round "3"]
[White "W�ber, Friedrich"]
[Black "Penz, Harald"]
[Result "0-1"]
[WhiteElo "2155"]
[BlackElo "2283"]
[Annotator "Mauerbach : Krems"]
[PlyCount "56"]
[EventDate "2005.09.27"]
[SourceDate "2005.10.21"]

1. e4 e5 2. Bc4 Nf6 3. d4 exd4 4. Nf3 d5 5. exd5 Bb4+ 6. c3 Qe7+ 7. Kf1 dxc3 8.
Nxc3 O-O 9. Qd3 Bxc3 10. Qxc3 Nbd7 11. Bg5 Qd6 12. Rd1 Ne4 13. Qe3 Nxg5 14.
Qxg5 Nf6 15. h4 Bg4 16. Rd4 h6 17. Qf4 Qxf4 18. Rxf4 Bxf3 19. Rxf3 Rad8 20. Rd3
Rd6 21. Rhh3 Rfd8 22. Rhe3 Kf8 23. Re5 Nd7 24. Re2 Nb6 25. Rc2 c6 26. dxc6 Nxc4
27. Rxc4 Rxd3 28. cxb7 Rb8 0-1

[Event "N�-LL 2005/06"]
[Site "?"]
[Date "2005.10.16"]
[Round "3"]
[White "Weissenbeck, Manuel"]
[Black "Winiwarter, Felix"]
[Result "1-0"]
[WhiteElo "2248"]
[BlackElo "2119"]
[Annotator "Mauerbach : Krems"]
[PlyCount "82"]
[EventDate "2005.09.27"]
[SourceDate "2005.10.21"]

1. Nf3 Nf6 2. d4 g6 3. c4 c5 4. Nc3 cxd4 5. Nxd4 Bg7 6. e4 d6 7. Be2 Nc6 8. Be3
O-O 9. h3 Bd7 10. O-O Rc8 11. Rc1 a6 12. Rc2 Nxd4 13. Bxd4 Bc6 14. Bf3 b5 15.
cxb5 axb5 16. b4 e6 17. Qd3 Qd7 18. Rfc1 Qb7 19. a4 e5 20. Be3 bxa4 21. b5 Bd7
22. Ra2 Be6 23. Rxa4 Rfd8 24. Ra7 Qb8 25. Ra6 Bc4 26. Qb1 Be6 27. b6 Rc6 28.
Ra7 Nd7 29. b7 Qc7 30. Nb5 Rxc1+ 31. Qxc1 Qxc1+ 32. Bxc1 Nb8 33. Ra8 Bd7 34.
Na7 Bf6 35. Be3 Kf8 36. Bb6 Re8 37. Bc7 Na6 38. Bxd6+ Be7 39. Bxe7+ Kxe7 40.
Nc8+ Kf8 41. Rxa6 Bxc8 1-0

[Event "N�-LL 2005/06"]
[Site "?"]
[Date "2005.10.16"]
[Round "3"]
[White "Mayer, Martin"]
[Black "Schorn, Christoph"]
[Result "1-0"]
[WhiteElo "1967"]
[BlackElo "2162"]
[Annotator "Mauerbach : Krems"]
[PlyCount "81"]
[EventDate "2005.09.27"]
[SourceDate "2005.10.21"]

1. c4 e5 2. d3 Nc6 3. Nf3 g6 4. Nc3 Bg7 5. g3 d6 6. Bg2 Nge7 7. O-O O-O 8. Rb1
a5 9. a3 Nd4 10. e3 Nxf3+ 11. Bxf3 c6 12. b4 axb4 13. axb4 d5 14. Bb2 Be6 15.
Qe2 f5 16. Ra1 Qb6 17. Na4 Qxb4 18. Bc3 Qd6 19. Rfb1 Rfb8 20. c5 Qc7 21. Qb2
Nc8 22. Nb6 Nxb6 23. cxb6 Qd6 24. Ra7 Bc8 25. Bb4 Qd8 26. Qa3 Rxa7 27. bxa7 Ra8
28. Bd6 b5 29. Qc5 Bd7 30. Bb8 Rxb8 31. axb8=Q Qxb8 32. Bxd5+ cxd5 33. Qxd5+
Kh8 34. Qxd7 b4 35. Rc1 Qg8 36. Rc8 Bf8 37. Qe8 Kg7 38. Qxe5+ Kh6 39. Rc4 g5
40. Rc6+ Kh5 41. Qxf5 1-0

[Event "N�-LL 2005/06"]
[Site "?"]
[Date "2005.10.16"]
[Round "3"]
[White "Bechmann, Gerhard"]
[Black "Walter, Martin"]
[Result "1/2-1/2"]
[WhiteElo "2040"]
[BlackElo "1997"]
[Annotator "Mauerbach : Krems"]
[PlyCount "50"]
[EventDate "2005.09.27"]
[SourceDate "2005.10.21"]

1. e4 c5 2. Nc3 Nc6 3. f4 e6 4. Nf3 d6 5. g3 g6 6. Bg2 Bg7 7. O-O Nge7 8. d3
O-O 9. Ne2 Rb8 10. c3 b5 11. Be3 b4 12. Qd2 Qa5 13. d4 bxc3 14. bxc3 cxd4 15.
Nexd4 Ba6 16. Rf2 Rfc8 17. Rc1 Bc4 18. g4 d5 19. e5 Rb7 20. Bf1 Bxf1 21. Rfxf1
Qa3 22. Rc2 Rcb8 23. Nb3 Na5 24. Nxa5 Qxa5 25. Nd4 Qa6 1/2-1/2

[Event "N�-LL 2005/06"]
[Site "?"]
[Date "2005.10.30"]
[Round "4"]
[White "Mozny, Milos"]
[Black "Wukits, Rene"]
[Result "1/2-1/2"]
[WhiteElo "2373"]
[BlackElo "2329"]
[Annotator "Ternitz/Gloggnitz : Krems"]
[PlyCount "39"]
[EventDate "2005.09.27"]
[SourceDate "2005.10.31"]

1. Nf3 c5 2. c4 b6 3. g3 Bb7 4. Bg2 e6 5. O-O Nf6 6. Nc3 a6 7. b3 Be7 8. d4
cxd4 9. Qxd4 d6 10. Rd1 Nbd7 11. e4 Qc7 12. Ba3 Nc5 13. e5 dxe5 14. Qxe5 Rc8
15. Qxc7 Rxc7 16. Ne5 Bxg2 17. Kxg2 Ncd7 18. Nxd7 Nxd7 19. Bd6 Rc6 20. Bxe7
1/2-1/2

[Event "N�-LL 2005/06"]
[Site "?"]
[Date "2005.10.30"]
[Round "4"]
[White "Degen, Gerhard"]
[Black "W�ber, Friedrich"]
[Result "1/2-1/2"]
[WhiteElo "2117"]
[BlackElo "2155"]
[Annotator "Ternitz/Gloggnitz : Krems"]
[PlyCount "32"]
[EventDate "2005.09.27"]
[SourceDate "2005.10.31"]

1. d4 d5 2. Nf3 Nf6 3. Bg5 e6 4. e3 c5 5. c3 Nc6 6. Bd3 Qb6 7. Qc1 Be7 8. Nbd2
cxd4 9. exd4 Bd7 10. O-O Rc8 11. Re1 h6 12. Bf4 Nh5 13. Be3 Qc7 14. Qd1 Nf4 15.
Bf1 Ng6 16. c4 dxc4 1/2-1/2

[Event "N�-LL 2005/06"]
[Site "?"]
[Date "2005.10.30"]
[Round "4"]
[White "Polsterer, Heinz"]
[Black "Weinwurm, Wolfgang"]
[Result "1-0"]
[WhiteElo "2023"]
[BlackElo "2091"]
[Annotator "Ternitz/Gloggnitz : Krems"]
[PlyCount "68"]
[EventDate "2005.09.27"]
[SourceDate "2005.11.02"]

1. e4 e5 2. Nf3 Nc6 3. Bb5 f5 4. d3 fxe4 5. dxe4 Nf6 6. O-O d6 7. Nc3 Be7 8. a3
Bg4 9. Qd3 Bxf3 10. Qxf3 O-O 11. Qh3 Qe8 12. Nd5 Bd8 13. f3 Qg6 14. Bd3 Kh8 15.
Bd2 Ne7 16. Nf4 exf4 17. e5 Qg5 18. exf6 Ng6 19. fxg7+ Kxg7 20. Rae1 Bf6 21.
Re2 Bxb2 22. c3 Bxa3 23. Rfe1 Rf7 24. Re8 Rxe8 25. Rxe8 Bc5+ 26. Kf1 d5 27. Qc8
Qh4 28. Rg8+ Kh6 29. g3 Qg5 30. Bxg6 hxg6 31. Qh3+ Qh5 32. Rh8+ Rh7 33. Bxf4+
Kg7 34. Be5+ Kh6 1-0